| 000 | 01202nam1a22003251i 4500 | ||
|---|---|---|---|
| 001 | RU\NLR\INFOCOMM_89\5000596748 | ||
| 005 | 20240726015236.0 | ||
| 035 | _a(NLR Aleph) 009296559 | ||
| 090 |
_a9252865 _c9252865 |
||
| 100 | _a20101008d1978 |||y0rusy50 ba | ||
| 101 | 0 |
_aeng _drus |
|
| 102 | _aRU | ||
| 105 | _ay ||||000|y | ||
| 200 | 1 |
_aExpansion of continuum functions on resonance wave functions and amplitudes _fJ. Bang, F. A. Gareev, M. H. Gizzatkulov, S. A. Goncharov |
|
| 210 |
_aДубна _cОИЯИ _d1978 |
||
| 215 | _d21 см | ||
| 225 | 1 | _aСообщения Объединенного института ядерных исследований | |
| 300 | _aРез. на рус. яз. | ||
| 606 |
_aФункции континуума _xРазложение по волновым функциям _2nlr_sh1 |
||
| 686 |
_aВ383.1 _2rubbk |
||
| 686 |
_aВ383.5 _2rubbk |
||
| 701 | 1 |
_aBang _bJ. _4070 |
|
| 701 | 1 |
_aGareev _bF. A. _gFangil' Achmatgareevič _4070 |
|
| 701 | 1 |
_aGizzatkulov _bM. H. _4070 |
|
| 701 | 1 |
_9z01790 _aGončarov _bS. A. _4070 |
|
| 790 | 1 |
_9z01701 _aGoncharov _bS. A. _4070 |
|
| 801 | 1 |
_aRU _bNLR _c20101008 |
|
| 801 | 0 |
_aRU _bNLR _gPSBO |
|
| 852 |
_aNLR _jП11/2061 |
||
| 942 | _cBOOK | ||